[Event "ch-USA w 2022"]
[Site "Saint Louis USA"]
[Date "2022.10.12"]
[Round "7.5"]
[White "Eswaran, Ashritha"]
[Black "Foisor, Sabina-Francesca"]
[Result "1-0"]
[WhiteTitle "FM"]
[BlackTitle "WGM"]
[WhiteElo "2365"]
[BlackElo "2203"]
[WhiteFideId "2080788"]
[BlackFideId "1212915"]
[EventDate "2022.10.05"]

1. e4 c6 2. d4 d5 3. e5 Bf5 4. h4 h5 5. Bd3 Bxd3 6. Qxd3 Qa5+ 7. Nd2 Qa6 8. c4
e6 9. Ngf3 Nh6 10. b3 Nd7 11. a4 Nf5 12. O-O Be7 13. g3 c5 14. Qc3 cxd4 15. Nxd4
Nxd4 16. Qxd4 Qb6 17. Qxb6 Nxb6 18. a5 Nd7 19. cxd5 exd5 20. Nf3 Rc8 21. Rd1 Rc3
22. Kg2 Nc5 23. Nd4 Nxb3 24. Bb2 Nxd4 25. Bxc3 Ne6 26. Rxd5 Bxh4 27. Rb5 Bd8 28.
Rxb7 h4 29. Rd1 a6 30. Rd6 Rh6 31. Bb4 Rg6 32. Bd2 hxg3 33. fxg3 Rg4 34. Rb8 Ke7
35. Rxa6 Bc7 36. Rb7 Re4 37. Bb4+ Kd8 38. Ra8+ Kd7 39. Bd6 Kc6 40. Rxc7+ Nxc7
41. Rc8 1-0

[Event "ch-USA w 2022"]
[Site "Saint Louis USA"]
[Date "2022.10.12"]
[Round "7.7"]
[White "Cervantes Landeiro, Thalia"]
[Black "Zatonskih, Anna"]
[Result "1/2-1/2"]
[WhiteTitle "FM"]
[BlackTitle "IM"]
[WhiteElo "2272"]
[BlackElo "2368"]
[WhiteFideId "3520498"]
[BlackFideId "14101572"]
[EventDate "2022.10.05"]

1. d4 d5 2. c4 e6 3. Nc3 Nf6 4. cxd5 exd5 5. Bg5 c6 6. e3 Be7 7. Bd3 Nbd7 8. Qc2
Nf8 9. Nf3 Ne6 10. Bh4 g6 11. O-O O-O 12. Rab1 a5 13. a3 Ng7 14. b4 axb4 15.
axb4 Bf5 16. Bxf5 Nxf5 17. Bxf6 Bxf6 18. b5 Nd6 19. bxc6 bxc6 20. Nd2 Be7 21.
Ne2 Ra6 22. Nf4 Qa8 23. Rb2 Rd8 24. Nd3 Nb5 25. h3 Bd6 26. Nc5 Ra3 27. Ndb3 Ra7
28. Rc1 Na3 29. Qe2 Nc4 30. Rbc2 Rb8 31. Nd2 Bxc5 32. Nxc4 Bxd4 33. exd4 dxc4
34. Rxc4 Ra6 35. Qe4 Rd8 36. Kh2 Qb8+ 37. g3 Qd6 38. R1c2 Qd5 39. Qxd5 Rxd5 40.
Kg2 Ra7 41. Rb4 Rad7 42. Rcc4 R7d6 43. Rb6 Rxd4 44. Rxd4 Rxd4 45. Rxc6 Rd3 46.
h4 h5 47. Rc7 Kg7 48. Rc6 Ra3 49. Rd6 Rb3 50. Rc6 Ra3 51. Rd6 Rb3 52. Rc6 Ra3 1/2-1/2

[Event "ch-USA w 2022"]
[Site "Saint Louis USA"]
[Date "2022.10.13"]
[Round "8.1"]
[White "Abrahamyan, Tatev"]
[Black "Cervantes Landeiro, Thalia"]
[Result "0-1"]
[WhiteTitle "WGM"]
[BlackTitle "FM"]
[WhiteElo "2308"]
[BlackElo "2272"]
[WhiteFideId "13301918"]
[BlackFideId "3520498"]
[EventDate "2022.10.05"]

1. e4 c5 2. Nf3 d6 3. d4 cxd4 4. Nxd4 Nf6 5. Nc3 a6 6. f3 e5 7. Nb3 Be6 8. Be3
h5 9. Nd5 Bxd5 10. exd5 Nbd7 11. Qd2 g6 12. O-O-O Nb6 13. Qa5 Bh6 14. Bxh6 Rxh6
15. Qd2 Rh8 16. f4 e4 17. Kb1 Nbxd5 18. c4 Nc7 19. Qb4 Rb8 20. Rxd6 Qe7 21. f5
Kf8 22. c5 Kg7 23. fxg6 fxg6 24. Bc4 b5 25. Be2 Ncd5 26. Qd2 Rhd8 27. Rxa6 e3
28. Qd4 b4 29. Qh4 Qe4+ 30. Qxe4 Nxe4 31. Bf3 Nf2 32. Rf1 Nf4 33. c6 Re8 34.
Ra7+ Kh6 35. Nc1 Rbc8 36. Rf7 Ne6 37. Re1 Ng5 38. Rf6 Nge4 39. Rf4 Rxc6 40. Bxe4
Nxe4 41. Ne2 Nd2+ 42. Ka1 Ra8 43. Nc1 b3 44. a3 Rac8 45. Nd3 e2 46. Rf2 Rc2 47.
Rfxe2 Ra8 0-1

[Event "ch-USA w 2022"]
[Site "Saint Louis USA"]
[Date "2022.10.13"]
[Round "8.2"]
[White "Zatonskih, Anna"]
[Black "Yan, Ruiyang"]
[Result "1/2-1/2"]
[WhiteTitle "IM"]
[BlackTitle "FM"]
[WhiteElo "2368"]
[BlackElo "2220"]
[WhiteFideId "14101572"]
[BlackFideId "30919860"]
[EventDate "2022.10.05"]

1. c4 Nf6 2. Nc3 e6 3. e4 d5 4. cxd5 exd5 5. e5 d4 6. exf6 dxc3 7. Bb5+ Nc6 8.
Qe2+ Be6 9. dxc3 Qxf6 10. Nf3 Bd6 11. Ng5 O-O 12. Nxe6 Rfe8 13. Bc4 Na5 14. Bg5
Qg6 15. Bd3 Qxe6 16. Qxe6 Rxe6+ 17. Kd2 h6 18. Be3 c5 19. Kc2 c4 20. Bf5 Re5 21.
Bg4 Bc5 22. Bxc5 Rxc5 23. Rad1 Nc6 24. f4 g5 25. fxg5 Rxg5 26. Bf3 Ne5 27. Be4
Re8 28. Rhe1 Kf8 29. h4 Rg3 30. Bxb7 f6 31. b3 Rb8 32. Bd5 cxb3+ 33. axb3 Rc8
34. c4 Rb8 35. c5 Rc8 36. Kb1 Rxc5 37. Re2 Rgc3 38. Red2 a5 39. Kb2 Ke7 40. Re1
Kf8 41. Red1 Ke7 42. Re1 Kf8 43. Red1 1/2-1/2

[Event "ch-USA w 2022"]
[Site "Saint Louis USA"]
[Date "2022.10.13"]
[Round "8.3"]
[White "Yu, Jennifer"]
[Black "Wu, Rochelle"]
[Result "1-0"]
[WhiteTitle "FM"]
[BlackTitle "FM"]
[WhiteElo "2297"]
[BlackElo "2317"]
[WhiteFideId "2078341"]
[BlackFideId "30908132"]
[EventDate "2022.10.05"]

1. d4 d5 2. c4 c6 3. Nf3 Nf6 4. Nc3 a6 5. c5 Nbd7 6. Bf4 Nh5 7. Bd2 Nhf6 8. b4
g6 9. Qc2 Bg7 10. h3 O-O 11. Bf4 a5 12. b5 Ne4 13. bxc6 bxc6 14. e3 Nxc3 15.
Qxc3 f6 16. Rd1 e5 17. Bg3 e4 18. Nd2 f5 19. h4 h6 20. Be2 Rf7 21. Rb1 Nf8 22.
Rb6 Ne6 23. Rxc6 f4 24. Rd6 Qe7 25. Bxf4 Nxf4 26. exf4 Rxf4 27. Rxd5 Rxh4 28.
Rxh4 Qxh4 29. Rd6 Kh7 30. Qg3 Qh1+ 31. Nf1 Bf5 32. Bg4 Rb8 33. Bxf5 gxf5 34. Rd7
Rg8 35. c6 Qh5 36. c7 Qe8 37. Rd8 1-0

[Event "ch-USA w 2022"]
[Site "Saint Louis USA"]
[Date "2022.10.13"]
[Round "8.4"]
[White "Foisor, Sabina-Francesca"]
[Black "Tokhirjonova, Gulrukhbegim"]
[Result "1-0"]
[WhiteTitle "WGM"]
[BlackTitle "WGM"]
[WhiteElo "2203"]
[BlackElo "2336"]
[WhiteFideId "1212915"]
[BlackFideId "14203626"]
[EventDate "2022.10.05"]

1. d4 Nf6 2. Nf3 g6 3. c4 Bg7 4. Nc3 d5 5. h4 h5 6. Bf4 O-O 7. e3 c6 8. Be2 a5
9. Rc1 dxc4 10. Bxc4 Bg4 11. Be2 Nbd7 12. O-O Nb6 13. e4 a4 14. b3 Ne8 15. Ne5
Bxe2 16. Nxe2 Nd6 17. Qc2 axb3 18. Qxb3 Kh7 19. Nc3 Ra6 20. Rfd1 Qa8 21. Be3 Qa7
22. f4 f6 23. Nd3 Na4 24. Qe6 Nxc3 25. Rxc3 Nb5 26. Rc5 Nd6 27. Qxe7 b6 28. Qxa7
Rxa7 29. Rxc6 Nxe4 30. Rxb6 Rxa2 31. Nc5 Nc3 32. Rd3 Nd5 33. Rd6 Ne7 34. Rd7 Nf5
35. Ne6 Rb8 36. Rd2 Ra1+ 37. Kf2 Rbb1 38. Kf3 Nxh4+ 39. Ke4 Nf5 40. Nxg7 Nxg7
41. Rc2 Ra8 42. Rcc7 Re8+ 43. Kf3 Rg8 44. d5 Rb3 45. Kf2 Rb2+ 46. Kg1 Rb1+ 47.
Kh2 Rd1 48. Bc5 Kh8 49. Rf7 Rc1 50. d6 Rd1 51. d7 Rd8 52. Be7 R8xd7 53. Bxf6
Rxf7 54. Rxf7 Rd6 55. Bxg7+ Kg8 56. Be5 1-0

[Event "ch-USA w 2022"]
[Site "Saint Louis USA"]
[Date "2022.10.13"]
[Round "8.6"]
[White "Lee, Megan"]
[Black "Eswaran, Ashritha"]
[Result "1-0"]
[WhiteTitle "WIM"]
[BlackTitle "FM"]
[WhiteElo "2226"]
[BlackElo "2365"]
[WhiteFideId "2029618"]
[BlackFideId "2080788"]
[EventDate "2022.10.05"]

1. e4 c5 2. Nf3 Nc6 3. d4 cxd4 4. Nxd4 Nf6 5. Nc3 e5 6. Ndb5 d6 7. Nd5 Nxd5 8.
exd5 Nb8 9. a4 Be7 10. Bd2 Nd7 11. Bb4 O-O 12. a5 e4 13. Bxd6 Bxd6 14. Nxd6 Nf6
15. Nxc8 Rxc8 16. c4 b5 17. b3 e3 18. f3 Qd6 19. Be2 Qb4+ 20. Kf1 Qc3 21. g3 Ne4
22. fxe4 f5 23. Kg2 fxe4 24. Rf1 Rxf1 25. Bxf1 Qb2+ 26. Kh1 Rf8 27. Qb1 Qd4 28.
Ra2 h5 29. Qe1 h4 30. gxh4 bxc4 31. Bxc4 Rf2 32. d6+ Kh8 33. Rxf2 exf2 34. Qe2
g6 35. Kg2 e3 36. Qf3 Qxd6 37. Qa8+ Kg7 38. Qxa7+ Kh8 39. Qxe3 g5 40. Qe8+ Kg7
41. Qg8+ Kh6 42. Qe6+ 1-0

[Event "ch-USA w 2022"]
[Site "Saint Louis USA"]
[Date "2022.10.13"]
[Round "8.7"]
[White "Paikidze, Nazi"]
[Black "Lee, Alice"]
[Result "0-1"]
[WhiteTitle "IM"]
[BlackTitle "FM"]
[WhiteElo "2354"]
[BlackElo "2263"]
[WhiteFideId "13603620"]
[BlackFideId "30941822"]
[EventDate "2022.10.05"]

1. e4 e5 2. Nc3 Nf6 3. d4 exd4 4. Qxd4 Nc6 5. Qe3 Bb4 6. Bd2 O-O 7. O-O-O Re8 8.
Qg3 Nxe4 9. Nxe4 Rxe4 10. Bxb4 Nxb4 11. a3 Nc6 12. Bd3 Re8 13. Nf3 d6 14. h4 Qf6
15. Qg5 Qxg5+ 16. hxg5 g6 17. Nd2 d5 18. Rh4 Ne5 19. Be2 Nd7 20. Bf3 Re5 21. c4
c6 22. cxd5 cxd5 23. Nb3 Rxg5 24. Rxd5 Rxd5 25. Bxd5 Nf6 26. Bf3 Rb8 27. Ra4 a6
28. Nc5 Bf5 29. Bxb7 Nd7 30. Nxd7 Bxd7 31. Rxa6 Rxb7 32. b4 Bb5 33. Ra8+ Kg7 34.
g3 Rc7+ 35. Kb2 h5 36. a4 Bd3 37. Rd8 Rc2+ 38. Kb3 Bf5 39. f4 Rg2 40. b5 Rxg3+
41. Kb4 h4 42. Re8 h3 43. b6 h2 44. b7 h1=Q 45. b8=Q Qb1+ 46. Ka5 Qxb8 47. Rxb8
Re3 48. Rd8 Re4 49. Kb5 Rxf4 50. a5 Be4 51. a6 Rh4 52. Re8 Bd3+ 0-1

[Event "ch-USA w 2022"]
[Site "Saint Louis USA"]
[Date "2022.10.14"]
[Round "9.1"]
[White "Tokhirjonova, Gulrukhbegim"]
[Black "Lee, Megan"]
[Result "1-0"]
[WhiteTitle "WGM"]
[BlackTitle "WIM"]
[WhiteElo "2336"]
[BlackElo "2226"]
[WhiteFideId "14203626"]
[BlackFideId "2029618"]
[EventDate "2022.10.05"]

1. Nf3 d5 2. g3 g6 3. Bg2 Bg7 4. d4 Nf6 5. O-O Ne4 6. c4 c6 7. Nc3 Nxc3 8. bxc3
dxc4 9. e4 Bg4 10. Qe2 b5 11. a4 O-O 12. axb5 cxb5 13. e5 a5 14. Qe4 Bxf3 15.
Bxf3 Ra6 16. Ba3 Nc6 17. Bc5 Qc7 18. Qe3 Rb8 19. Rfb1 Nd8 20. Bd5 Ne6 21. Ba3
Qd8 22. Be4 Nc7 23. Bc5 e6 24. Qf3 Qc8 25. h4 Bf8 26. h5 Bxc5 27. dxc5 Ne8 28.
c6 Qc7 29. Qf4 Ng7 30. hxg6 fxg6 31. Rd1 Rd8 32. Qg5 Raa8 33. Rd7 Rxd7 34. cxd7
Rd8 35. Bc6 Rxd7 36. Bxd7 Qxd7 37. Rxa5 Qd1+ 38. Kh2 Qd5 39. Ra7 Qf3 40. Qd8+
Qf8 41. Qxf8+ Kxf8 42. Rb7 Nf5 43. Rxb5 Ne7 44. Rc5 Nd5 45. Rxc4 Ke7 46. Rc6 Kd7
47. Rd6+ Ke7 48. c4 Nc3 49. Ra6 Kd7 50. Ra7+ Kc6 51. Rxh7 Ne4 52. f4 g5 53. Re7
gxf4 54. gxf4 Kc5 55. Rxe6 Kxc4 56. Rd6 1-0

[Event "ch-USA w 2022"]
[Site "Saint Louis USA"]
[Date "2022.10.14"]
[Round "9.2"]
[White "Wu, Rochelle"]
[Black "Paikidze, Nazi"]
[Result "1/2-1/2"]
[WhiteTitle "FM"]
[BlackTitle "IM"]
[WhiteElo "2317"]
[BlackElo "2354"]
[WhiteFideId "30908132"]
[BlackFideId "13603620"]
[EventDate "2022.10.05"]

1. d4 Nf6 2. c4 d6 3. Nc3 e5 4. dxe5 dxe5 5. Qxd8+ Kxd8 6. Bg5 Nd7 7. O-O-O c6
8. e3 Kc7 9. Bd3 Nc5 10. Bc2 Be6 11. b3 Nfd7 12. Kb2 f5 13. f4 e4 14. Nge2 g6
15. Rd2 Bg7 16. Rhd1 Nf6 17. Nd4 Rae8 18. b4 Nd3+ 19. Bxd3 exd3 20. Nxe6+ Rxe6
21. Rxd3 Rhe8 22. Bxf6 Bxf6 23. Rd7+ Kc8 24. Rf7 Bxc3+ 25. Kxc3 Rxe3+ 26. Rd3
R3e7 27. Rf6 Re6 28. Rf7 R6e7 29. Rf6 Re6 30. Rf7 R6e7 31. Rf6 Re6 1/2-1/2

[Event "ch-USA w 2022"]
[Site "Saint Louis USA"]
[Date "2022.10.14"]
[Round "9.3"]
[White "Cervantes Landeiro, Thalia"]
[Black "Foisor, Sabina-Francesca"]
[Result "1-0"]
[WhiteTitle "FM"]
[BlackTitle "WGM"]
[WhiteElo "2272"]
[BlackElo "2203"]
[WhiteFideId "3520498"]
[BlackFideId "1212915"]
[EventDate "2022.10.05"]

1. d4 d5 2. c4 c6 3. Nf3 Nf6 4. e3 e6 5. Bd3 Nbd7 6. Nc3 Bd6 7. O-O O-O 8. e4
dxe4 9. Nxe4 Nxe4 10. Bxe4 Nf6 11. Bc2 c5 12. dxc5 Bxc5 13. Qe2 h6 14. Bf4 b6
15. Rad1 Qe7 16. Ne5 Bb7 17. Rd3 Be4 18. Rh3 Bxc2 19. Qxc2 Qb7 20. Qc1 h5 21.
Bh6 Ne4 22. Rxh5 f6 23. Ng4 Qf7 24. Rh4 Rfd8 25. Bxg7 Qxg7 26. Nh6+ Kf8 27. Rxe4
e5 28. Rg4 Qh7 29. Rg8+ Ke7 30. Rg7+ Qxg7 31. Nf5+ Kf7 32. Nxg7 Kxg7 33. Qc3 a5
34. Qg3+ Kf7 35. Qf3 Ra7 36. Rd1 Rxd1+ 37. Qxd1 Ke7 38. h4 Rd7 39. Qe2 Rd4 40.
g3 Ke6 41. h5 Kf5 42. Kg2 Kg5 43. Kh3 Kh6 44. Qf3 Kg5 45. g4 Rf4 46. Qb7 Rxf2
47. Kg3 Kh6 48. Qf7 1-0

[Event "ch-USA w 2022"]
[Site "Saint Louis USA"]
[Date "2022.10.14"]
[Round "9.4"]
[White "Morris-Suzuki, Sophie"]
[Black "Zatonskih, Anna"]
[Result "1/2-1/2"]
[WhiteTitle "WFM"]
[BlackTitle "IM"]
[WhiteElo "2126"]
[BlackElo "2368"]
[WhiteFideId "30922615"]
[BlackFideId "14101572"]
[EventDate "2022.10.05"]

1. e4 e6 2. d4 d5 3. e5 c5 4. c3 Qb6 5. Nf3 Bd7 6. Bd3 cxd4 7. Nxd4 Bc5 8. Qg4
Ne7 9. Na3 Ng6 10. O-O O-O 11. Nf3 Bxa3 12. bxa3 Qa5 13. Bd2 Qa4 14. Qh5 Bb5 15.
Bxb5 Qxb5 16. Ng5 h6 17. Nxe6 fxe6 18. Qxg6 Qe8 19. Qg3 Kh8 20. Rab1 b6 21. Rb4
Nc6 22. Rg4 Ne7 23. Qh3 Nf5 24. Rb4 Rc8 25. g4 Qg6 26. Kh1 Ne7 27. g5 Qf5 28.
Rh4 Qxh3 29. Rxh3 Kh7 30. gxh6 g6 31. Bg5 Nf5 32. Rb1 Rc4 33. Rb4 Rfc8 34. Bd2
Re4 35. Rd3 Rxe5 36. a4 Ne7 37. c4 Rf5 38. cxd5 Nxd5 39. Re4 Rc6 40. Kg2 Nf6 41.
Rf4 Nd5 42. Re4 a5 43. h4 Rf7 44. Rf3 Rf5 45. h5 Rxf3 46. hxg6+ Kxg6 47. Rg4+
Kh7 48. Kxf3 Rc7 49. Re4 Rc6 50. Rg4 Rc7 51. Re4 Rc6 52. Rg4 Rc7 1/2-1/2

[Event "ch-USA w 2022"]
[Site "Saint Louis USA"]
[Date "2022.10.14"]
[Round "9.5"]
[White "Eswaran, Ashritha"]
[Black "Yu, Jennifer"]
[Result "0-1"]
[WhiteTitle "FM"]
[BlackTitle "FM"]
[WhiteElo "2365"]
[BlackElo "2297"]
[WhiteFideId "2080788"]
[BlackFideId "2078341"]
[EventDate "2022.10.05"]

1. e4 c6 2. d4 d5 3. Nc3 dxe4 4. Nxe4 Nf6 5. Nxf6+ exf6 6. c3 Bf5 7. Bc4 Bd6 8.
Qe2+ Qe7 9. Nf3 Nd7 10. Qxe7+ Kxe7 11. O-O Rhe8 12. Nh4 Be6 13. Bd3 g6 14. Re1
Kf8 15. c4 Rad8 16. Bd2 Be7 17. Ba5 Nb6 18. Nf3 Rd7 19. b3 Bg4 20. Bc3 Bxf3 21.
gxf3 Red8 22. b4 Na4 23. Rxe7 Rxe7 24. Be1 Rxd4 25. Bf1 Kg7 26. Rb1 Nb6 27. Rc1
Nd7 28. Bc3 Rf4 29. Kg2 Ne5 30. Be2 g5 31. Bd2 Ng6 32. Be3 Rh4 33. Bf1 b6 34.
Rd1 Rh6 35. Kg3 Nh4 36. Bh3 Nxf3 37. a4 Rh4 38. c5 Ne5 39. Bd4 Re8 40. b5 cxb5
41. axb5 bxc5 42. Bxc5 Rc4 43. Be3 Rb4 44. Bf1 Rg4+ 45. Kh3 h5 46. Be2 Rh4+ 47.
Kg3 Ng4 48. Bxg4 Rxg4+ 49. Kf3 Re7 50. Rd6 Re5 51. Bd4 Rf4+ 52. Kg2 Rxb5 53.
Bxa7 Rg4+ 54. Kh3 Rb3+ 55. Be3 f5 56. f3 Rh4+ 0-1

[Event "ch-USA w 2022"]
[Site "Saint Louis USA"]
[Date "2022.10.14"]
[Round "9.7"]
[White "Yan, Ruiyang"]
[Black "Abrahamyan, Tatev"]
[Result "1/2-1/2"]
[WhiteTitle "FM"]
[BlackTitle "WGM"]
[WhiteElo "2220"]
[BlackElo "2308"]
[WhiteFideId "30919860"]
[BlackFideId "13301918"]
[EventDate "2022.10.05"]

1. e4 e6 2. d4 d5 3. Nc3 Bb4 4. e5 Qd7 5. a3 Bxc3+ 6. bxc3 b6 7. Qg4 f5 8. Qg3
Nc6 9. h4 Bb7 10. Nh3 O-O-O 11. a4 Na5 12. Bd3 Kb8 13. Nf4 Qf7 14. Nh3 h6 15.
Nf4 Ne7 16. h5 Nc4 17. a5 Nxa5 18. Ba3 Rhe8 19. Bb5 Nec6 20. O-O a6 21. Bd3 Nc4
22. Rfe1 Na7 23. Reb1 Nb5 24. Bxc4 dxc4 25. Rb4 Nxa3 26. Rxa3 b5 27. Rb1 Qd7 28.
Qe3 Rc8 29. Ra5 c5 30. Rba1 Qc6 31. f3 cxd4 32. cxd4 Qb6 33. c3 Rc6 34. Kh2 Rec8
35. Qe1 Qd8 36. Qf2 Qg5 37. g3 Qe7 38. d5 exd5 39. Rxb5 Rc5 40. Rxa6 Rxb5 41.
Qa7+ Kc7 42. Ne6+ Kd7 43. Rd6+ Qxd6 44. exd6 Kxe6 45. Qd4 Rg8 46. f4 Rb2+ 47.
Kh3 Kxd6 48. Qe5+ Kd7 49. Qxf5+ Kd8 50. Qe5 Rb6 51. Qd4 Rf6 52. Qa7 Kc8 53. Qc5+
Kb8 54. Qe7 Bc8+ 55. g4 Rgf8 56. f5 R8f7 57. Qe5+ Rc7 58. Qxd5 Rb6 59. Qe5 Bb7
60. Qe8+ Ka7 61. Qe5 Rd7 62. Qc5 Bd5 63. Qc8 Bc6 64. Kh4 Re7 65. Qd8 Reb7 66.
Qf8 Bb5 67. Qa3+ Ba6 68. Qc5 Rd7 69. Qe3 Bb5 70. Qe5 Kb7 71. Qe4+ Rc6 72. Qe8
Rcd6 73. Qe4+ Kb6 74. Qe3+ Ka6 75. Qc5 Rd1 76. Qc8+ Kb6 77. Qb8+ Rb7 78. Qe5
Rh1+ 79. Kg3 Rd7 80. Qb8+ Rb7 81. Qd8+ Ka7 82. Qa5+ Ba6 83. Qc5+ Rb6 84. Qe7+
Bb7 85. Qa3+ Ba6 86. Qe7+ Bb7 87. Qa3+ Ba6 88. Qe7+ Bb7 89. Qa3+ 1/2-1/2

[Event "ch-USA w 2022"]
[Site "Saint Louis USA"]
[Date "2022.10.15"]
[Round "10.2"]
[White "Abrahamyan, Tatev"]
[Black "Morris-Suzuki, Sophie"]
[Result "1/2-1/2"]
[WhiteTitle "WGM"]
[BlackTitle "WFM"]
[WhiteElo "2308"]
[BlackElo "2126"]
[WhiteFideId "13301918"]
[BlackFideId "30922615"]
[EventDate "2022.10.05"]

1. Nf3 c5 2. g3 b6 3. Bg2 Bb7 4. O-O Nf6 5. d3 d5 6. Nbd2 e6 7. e4 Nc6 8. Re1
Be7 9. c3 Qc7 10. a3 b5 11. Qe2 O-O 12. e5 Nd7 13. Nf1 d4 14. cxd4 Nxd4 15. Nxd4
cxd4 16. Bxb7 Qxb7 17. Nd2 Rac8 18. Nf3 a5 19. Bf4 Qd5 20. Qe4 Nc5 21. Qxd5 exd5
22. Nxd4 Nxd3 23. Re2 b4 24. Nf5 Rfe8 25. Rd2 Nxf4 26. gxf4 Bf8 27. Nd6 Bxd6 28.
exd6 Rc4 29. Rxd5 g6 30. Rxa5 bxa3 31. R1xa3 Re1+ 32. Kg2 Rd1 33. f5 Rxd6 34.
Rf3 Kg7 35. Rb5 Rc1 36. b4 Rb1 37. h4 gxf5 38. Rfxf5 Rd4 39. Rb7 Rbxb4 40.
Rbxf7+ Kg8 41. h5 Rg4+ 42. Kf3 Rg5 43. Rxg5+ Kxf7 44. h6 Rb6 45. Rg7+ Kf8 46.
Rxh7 Kg8 47. Rg7+ Kf8 48. Ra7 Rxh6 49. Kg4 Rf6 50. f4 Kg8 51. Kg5 Rf8 52. Re7
Ra8 53. f5 Ra6 54. Re6 Ra7 55. Rg6+ Kf7 56. Rh6 Kg8 57. Kg6 Rg7+ 58. Kf6 Rf7+
59. Ke6 Ra7 60. Rg6+ Kf8 61. Kf6 Ra6+ 62. Kg5 Ra5 63. Rb6 Ra7 64. Kg6 Rg7+ 65.
Kf6 Rf7+ 66. Ke5 Re7+ 67. Kf4 Ra7 68. Kg5 Kg7 69. Rg6+ Kf7 70. Rh6 Kf8 71. Rh8+
Kg7 72. Rb8 Ra6 73. Rb7+ Kf8 74. Rc7 Rb6 75. Rh7 Ra6 76. Rh1 Kf7 77. Rc1 Kf8 78.
Rb1 Kf7 79. Rb5 Kf8 80. Rb8+ Kf7 81. Rb7+ Kf8 82. f6 Ra1 83. Rb8+ Kf7 84. Rb7+
Kf8 85. Rb8+ Kf7 86. Rb7+ Kf8 87. Rb8+ Kf7 1/2-1/2

[Event "ch-USA w 2022"]
[Site "Saint Louis USA"]
[Date "2022.10.15"]
[Round "10.3"]
[White "Zatonskih, Anna"]
[Black "Lee, Alice"]
[Result "1/2-1/2"]
[WhiteTitle "IM"]
[BlackTitle "FM"]
[WhiteElo "2368"]
[BlackElo "2263"]
[WhiteFideId "14101572"]
[BlackFideId "30941822"]
[EventDate "2022.10.05"]

1. d4 d5 2. c4 dxc4 3. e3 Nf6 4. Bxc4 e6 5. Nf3 c5 6. O-O a6 7. dxc5 Bxc5 8.
Qxd8+ Kxd8 9. b3 Ke7 10. Bb2 b6 11. Nbd2 Bb7 12. Be2 Nbd7 13. Rfc1 Rhd8 14. Nc4
Rac8 15. a3 b5 16. Na5 Bd5 17. Nd4 Kf8 18. b4 Bb6 19. Ndc6 Bxa5 20. Nxa5 Ne8 21.
f3 f5 22. Rxc8 Rxc8 23. Rc1 Rxc1+ 24. Bxc1 Nd6 25. Kf2 e5 26. Bb2 Kf7 27. h3 Ke6
28. Bd1 Nc4 29. Nxc4 Bxc4 30. Bc2 Nb6 31. f4 Nd7 32. e4 fxe4 33. Bxe4 g6 34. Bb7
exf4 35. Bxa6 Kd5 36. Bg7 Nb6 37. Bb7+ Ke6 38. Bd4 Nd5 39. h4 Ne7 40. Bc5 Bd5
41. Ba6 Bc6 42. a4 bxa4 43. b5 Be4 44. b6 Nc6 45. Bc4+ Bd5 46. Bb5 Ne5 47. Kg1
Nd7 48. Bxd7+ Kxd7 49. Kf2 Kc6 50. Bf8 Kxb6 51. Bh6 Kc5 52. Ke2 Bxg2 53. Bxf4 a3
54. Kd2 a2 55. Be5 Kd5 56. Bg7 Ke4 57. Kc1 Kf5 58. Kb2 Bd5 59. Bh6 Kg4 60. Bg5
h6 61. Bxh6 Kxh4 62. Bd2 g5 63. Bxg5+ Kxg5 64. Ka1 Kf4 65. Kb2 Kg5 66. Ka1 Kf4
67. Kb2 Kg5 68. Ka1 1/2-1/2

[Event "ch-USA w 2022"]
[Site "Saint Louis USA"]
[Date "2022.10.15"]
[Round "10.4"]
[White "Foisor, Sabina-Francesca"]
[Black "Yan, Ruiyang"]
[Result "1/2-1/2"]
[WhiteTitle "WGM"]
[BlackTitle "FM"]
[WhiteElo "2203"]
[BlackElo "2220"]
[WhiteFideId "1212915"]
[BlackFideId "30919860"]
[EventDate "2022.10.05"]

1. d4 Nf6 2. Nf3 e6 3. e3 d5 4. Bd3 c5 5. b3 Nc6 6. O-O Bd6 7. Bb2 O-O 8. a3 b6
9. Nbd2 Bb7 10. Ne5 Ne7 11. f4 Ne4 12. Qe2 Rc8 13. dxc5 Bxc5 14. b4 Bd6 15. Nb3
Nf5 16. Nd4 Nxd4 17. Bxd4 f6 18. Nf3 Qc7 19. Bb2 a5 20. Nd4 Qd7 21. Rf3 axb4 22.
axb4 Bxb4 23. Bb5 Qf7 24. f5 exf5 25. Nxf5 Kh8 26. Rh3 Rc7 27. Rf1 Bc8 28. Bd3
Bc3 29. Bxc3 Rxc3 30. Rh4 Bxf5 31. Rxf5 g6 32. Rxd5 Qxd5 33. Bxe4 Qg5 34. Rh3 f5
35. Qd2 Qf6 36. Bd3 Ra3 37. Qb4 Ra1+ 38. Kf2 Ra5 39. Rf3 Rc5 40. g4 Qd6 41. Qb2+
Kg8 42. gxf5 Qxh2+ 43. Kf1 Qh1+ 44. Ke2 Qg2+ 45. Rf2 Qc6 46. Qa2+ Kg7 47. Qa1+
Qf6 48. Qa7+ Rf7 49. Qb8 Rfc7 50. Kf1 g5 51. e4 Re7 52. Kg2 Rce5 53. Rf1 Rxe4
54. Bxe4 Rxe4 55. Qb7+ Re7 56. Qf3 Rc7 57. Qd3 Qc6+ 58. Kg1 Rd7 59. f6+ Kf8 60.
Qg3 Qc5+ 61. Rf2 Rd1+ 62. Kh2 Qd6 63. Qxd6+ Rxd6 64. f7 Rc6 65. Kg1 h5 66. Rf5
Rxc2 67. Rxg5 Rc5 68. Rg6 b5 69. Rf6 b4 70. Rb6 Rc4 71. Rb7 Rf4 72. Kg2 h4 73.
Kh2 Kg7 74. Kg2 Rc4 75. Kh2 Rf4 76. Kg2 b3 77. Rxb3 Kxf7 78. Rf3 h3+ 79. Rxh3
Rf6 80. Rf3 Rxf3 81. Kxf3 1/2-1/2

[Event "ch-USA w 2022"]
[Site "Saint Louis USA"]
[Date "2022.10.15"]
[Round "10.5"]
[White "Lee, Megan"]
[Black "Cervantes Landeiro, Thalia"]
[Result "0-1"]
[WhiteTitle "WIM"]
[BlackTitle "FM"]
[WhiteElo "2226"]
[BlackElo "2272"]
[WhiteFideId "2029618"]
[BlackFideId "3520498"]
[EventDate "2022.10.05"]

1. e4 c5 2. Nf3 d6 3. d4 cxd4 4. Nxd4 Nf6 5. Nc3 a6 6. Be3 Ng4 7. Bc1 Nc6 8. h3
Nf6 9. g4 e5 10. Nb3 h6 11. Bg2 Be7 12. Be3 Na5 13. Nxa5 Qxa5 14. Qd2 b5 15. O-O
b4 16. Nd5 Nxd5 17. exd5 O-O 18. a3 Rb8 19. b3 f5 20. gxf5 Bxf5 21. Rfc1 Rfc8
22. axb4 Qxb4 23. Rxa6 Qxd2 24. Bxd2 Rxc2 25. Rxc2 Bxc2 26. b4 Bd3 27. Ra7 Kf8
28. Bf3 Bg5 29. Be1 Rc8 30. Ra1 Rc1 31. Rxc1 Bxc1 32. Bg2 Bc4 33. Bf1 Bxd5 34.
Ba6 Ke7 35. Kf1 Kd7 36. Ke2 Kc7 37. b5 Ba3 38. Ba5+ Kb8 39. Bc3 g5 40. Kf1 Bc5
41. Kg1 Bb7 42. Bxb7 Kxb7 43. Ba5 Bb6 44. Bb4 Bc7 45. Kf1 Kb6 46. Ke2 Kxb5 47.
Bd2 Kc4 48. f3 Bb6 49. Be1 d5 50. Bg3 Bd4 51. Kd2 Bc3+ 52. Kc2 d4 53. Kd1 d3 54.
Bf2 Kd5 55. Be3 e4 56. fxe4+ Kxe4 57. Bc5 Kf3 0-1

[Event "ch-USA w 2022"]
[Site "Saint Louis USA"]
[Date "2022.10.15"]
[Round "10.6"]
[White "Yu, Jennifer"]
[Black "Paikidze, Nazi"]
[Result "1/2-1/2"]
[WhiteTitle "FM"]
[BlackTitle "IM"]
[WhiteElo "2297"]
[BlackElo "2354"]
[WhiteFideId "2078341"]
[BlackFideId "13603620"]
[EventDate "2022.10.05"]

1. Nf3 Nf6 2. c4 e6 3. Nc3 Bb4 4. Qb3 c5 5. a3 Ba5 6. e4 Nc6 7. e5 Ng4 8. Ne4
O-O 9. Nxc5 Bb6 10. Nd3 d6 11. c5 dxc5 12. Qc4 Nh6 13. Nf4 Bd7 14. Bd3 Nd4 15.
Nxd4 cxd4 16. Be4 Qg5 17. Nd3 Ng4 18. h4 Qd8 19. f3 f5 20. Bxb7 Rb8 21. Ba6 Nh6
22. f4 Qe7 23. b4 Qf7 24. Bb2 Qg6 25. O-O Qg3 26. Rf3 Qxh4 27. Bxd4 Bxd4+ 28.
Qxd4 Bc6 29. Rh3 Qg4 30. Qf2 Qg6 31. Rc1 Bd5 32. Rc7 Ng4 33. Qg3 Qe8 34. Nf2 Qd8
35. Qc3 Rf7 36. Rxf7 Kxf7 37. d4 Rb6 38. Be2 Rc6 39. Qd2 Qc8 40. Bxg4 fxg4 41.
Rg3 h5 42. Nd3 Rc2 43. Qe3 Qc3 44. f5 Qa1+ 45. Kh2 Qf1 46. fxe6+ Kg8 47. Nf4 Rc1
48. Qxc1 Qxc1 49. Nxd5 Qg5 50. e7 Kf7 51. Rc3 Qh4+ 52. Kg1 Qe1+ 53. Kh2 Qh4+ 54.
Kg1 Qe1+ 55. Kh2 Qh4+ 1/2-1/2